| 000 | 01285nam a2200373 c 4500 | ||
|---|---|---|---|
| 001 | 47323 | ||
| 003 | ES-MaCES | ||
| 005 | 20160405113223.0 | ||
| 008 | 160405s2015 sp 000 ||spa d | ||
| 017 |
_aM 35046-2015 _bDL |
||
| 020 | _a9788430968244 | ||
| 040 |
_aES-MaCES _bspa _cES-MaCES |
||
| 100 | 1 |
_aLousada Arochena, José Fernando _917072 |
|
| 245 | 1 | 3 |
_aEl contrato de trabajo a tiempo parcial _b: nuevas reglas para viejos problemas _cJosé Fernando Lousada Arochena, Pilar Núñez-Cortés Contreras |
| 260 |
_aMadrid _bTecnos _c2[015] |
||
| 300 |
_a203 p. _c21 cm |
||
| 504 | _aBibliografía: p. 199-203 | ||
| 541 | _cCompra | ||
| 650 | 4 |
_aempleo a tiempo parcial _926772 |
|
| 650 | 4 |
_atrabajador a tiempo parcial _929815 |
|
| 650 | 4 |
_acontrato de trabajo _928316 |
|
| 650 | 4 |
_acondiciones de trabajo _928327 |
|
| 650 | 4 |
_acondiciones de empleo _930040 |
|
| 650 | 4 |
_aseguridad social _927034 |
|
| 650 | 4 |
_aderecho internacional _926684 |
|
| 650 | 4 |
_aderecho comunitario _929866 |
|
| 650 | 4 |
_aderecho del trabajo _927165 |
|
| 650 | 4 |
_aEspaña _926964 |
|
| 650 | 4 |
_929892 _areforma legislativa |
|
| 653 | 1 | 0 | _aDerecho del trabajo y Seguridad Social |
| 700 | 1 |
_919768 _aNuñez-Cortés Contreras, Pilar |
|
| 902 | _aLIB Libro | ||
| 942 |
_2CES _cBK _h6.0.1. |
||
| 999 |
_c47323 _d47323 |
||